000 01366cam a22003857a 4500
003 CHAP
005 20220329134156.0
008 971013s1976 us a r 00010 eng d
010 _a16559
011 _a17531
035 _a21614
040 _cCHAP
082 0 4 _a633.2
_bH6
100 0 0 _aHoveland, Carl S.
_eed.
_956461
245 1 0 _aBiological N fixation in forage-livestock systems; prodceedings of a symposium
260 _aMadison, Win. :
_bAmerican Society of Agronomy,
_c1976
300 _a126 p.
_b: gráfs.
490 0 _aSpecial publication
_v; 28
590 _aBATCH-UPD
_b10
_c20130110
_lUCH01
_h0339
590 _aBATCH-UPD
_b10
_c20130110
_lUCH01
_h1729
590 _aBATCH-UPD
_b10
_c20130410
_lUCH01
_h0012
590 _aBATCH-UPD
_b10
_c20130410
_lUCH01
_h1502
590 _aBATCH-UPD
_b10
_c20130914
_lUCH01
_h1411
590 _aCONVERSION
_b10
_c20130109
_lUCH01
_h1310
650 1 4 _aFertilizantes nitrogenados.
_940596
650 1 4 _aLeguminosas
_xInoculación.
_965834
650 1 4 _aNitrógeno
_xEfecto en pastos.
_981455
650 1 4 _aNitrógeno
_xFijación.
_981472
650 1 4 _aPastos
_xNitrógeno en.
_986063
830 0 _aSpecial publication
_v; 28
_9109152
901 _aBK
942 _cLIBRO
949 _a633.2 H6
_bBC
_cLIBRO
_d33724000213484
_eLIBRO
_h50323
_i21614
_si
949 _a633.2 H6
_bBC
_cLIBRO
_d33724000213609
_eLIBRO
_fc.2
_h50324
_i21614
_si
999 _c16559
_d16559